Las luchas agrarias en Colombia (Registro nro. 4089)
[ vista simple ]
| 000 -CABECERA | |
|---|---|
| campo de control de longitud fija | 00666nam a2200289Ia 4500 |
| 001 - NÚMERO DE CONTROL | |
| campo de control | 4089 |
| 003 - IDENTIFICADOR DEL NÚMERO DE CONTROL | |
| campo de control | 8136 |
| 005 - FECHA Y HORA DE LA ÚLTIMA TRANSACCIÓN | |
| campo de control | 20241030062649.0 |
| 008 - DATOS DE LONGITUD FIJA--INFORMACIÓN GENERAL | |
| campo de control de longitud fija | ||||||n9999 ||| || || |
| 020 ## - NÚMERO INTERNACIONAL ESTÁNDAR DEL LIBRO | |
| Número Internacional Estándar del Libro | 9589074685 |
| 041 ## - CÓDIGO DE LENGUA | |
| Código de lengua del texto/banda sonora o título independiente | spa |
| 082 ## - NÚMERO DE LA CLASIFICACIÓN DECIMAL DEWEY | |
| Número de edición | 19 |
| Número de clasificación | 333 |
| 100 ## - ENTRADA PRINCIPAL--NOMBRE DE PERSONA | |
| Nombre de persona | Gilhodes, Pierre |
| 9 (RLIN) | 7442 |
| 245 #0 - MENCIÓN DE TÍTULO | |
| Título | Las luchas agrarias en Colombia |
| 250 ## - MENCIÓN DE EDICIÓN | |
| Mención de edición | 4ed |
| 260 ## - PUBLICACIÓN, DISTRIBUCIÓN, ETC. | |
| Lugar de publicación, distribución, etc. | Bogotá : |
| Nombre del editor, distribuidor, etc. | Ecoe Ediciones, |
| Fecha de publicación, distribución, etc. | 1988. |
| 300 ## - DESCRIPCIÓN FÍSICA | |
| Extensión | 90p |
| 562 ## - NOTA DE IDENTIFICACIÓN DE LA COPIA Y VERSIÓN | |
| Número de copias | 3 |
| 526 ## - NOTA DE INFORMACIÓN SOBRE EL PROGRAMA DE ESTUDIO | |
| Nombre del programa | 4969 - ESPECIALIZACIÓN EN ADMINISTRACIÓN PÚBLICA CONTEMPORÁNEA - Presencial |
| 526 ## - NOTA DE INFORMACIÓN SOBRE EL PROGRAMA DE ESTUDIO | |
| Nombre del programa | 51868 - ADMINISTRACIÓN PÚBLICA - Presencial |
| 526 ## - NOTA DE INFORMACIÓN SOBRE EL PROGRAMA DE ESTUDIO | |
| Nombre del programa | 1697 - ADMINISTRACIÓN PÚBLICA TERRITORIAL - A distancia |
| 650 #0 - PUNTO DE ACCESO ADICIONAL DE MATERIA--TÉRMINO DE MATERIA | |
| Término de materia o nombre geográfico como elemento de entrada | Campesinos |
| 9 (RLIN) | 134 |
| 650 ## - PUNTO DE ACCESO ADICIONAL DE MATERIA--TÉRMINO DE MATERIA | |
| Término de materia o nombre geográfico como elemento de entrada | COLOMBIA |
| 9 (RLIN) | 7443 |
| 650 #0 - PUNTO DE ACCESO ADICIONAL DE MATERIA--TÉRMINO DE MATERIA | |
| Término de materia o nombre geográfico como elemento de entrada | Luchas sociales |
| 9 (RLIN) | 2040 |
| 650 #0 - PUNTO DE ACCESO ADICIONAL DE MATERIA--TÉRMINO DE MATERIA | |
| Término de materia o nombre geográfico como elemento de entrada | Tenencia de la tierra |
| 9 (RLIN) | 124643 |
| 942 ## - ELEMENTOS DE PUNTO DE ACCESO ADICIONAL (KOHA) | |
| Tipo de ítem Koha | Libro |
| Estado de retiro | Estado de pérdida | Estado dañado | No para préstamo | Código de colección | Localización permanente | Ubicación/localización actual | Fecha de adquisición | Coste, precio normal de compra | Signatura topográfica completa | Código de barras | Número de copia | Tipo de ítem Koha | Total de préstamos | Fecha visto por última vez |
|---|---|---|---|---|---|---|---|---|---|---|---|---|---|---|
| General | Bogotá - Sede Central | Bogotá - Sede Central | 01/02/2024 | 1080.00 | 333.32 G46Le | 36690 | 1 | Libro | ||||||
| General | Bogotá - Sede Central | Bogotá - Sede Central | 0.00 | 333.32 G46Le e2 | 199461 | 3 | Libro | 22/02/2026 | ||||||
| General | Tunja - Sede Boyacá-Casanare | Tunja - Sede Boyacá-Casanare | 0.00 | 333.32 G46Le | BOY2351 | 2 | Libro |

